The Hour (Record no. 38782)

MARC details
000 -LEADER
fixed length control field 00241nam a2200109Ia 4500
082 ## - DEWEY DECIMAL CLASSIFICATION NUMBER
Classification number 82-3
Item number NES
100 ## - MAIN ENTRY--AUTHOR NAME
Personal name Ron
245 #4 - TITLE STATEMENT
Title The Hour
260 ## - PUBLICATION, DISTRIBUTION, ETC. (IMPRINT)
Place of publication New Delhi
Name of publisher Moonlight
Year of publication 1984
942 ## - ADDED ENTRY ELEMENTS (KOHA)
Koha item type Books
Holdings
Withdrawn status Lost status Damaged status Not for loan Home library Current library Date acquired Full call number Accession Number Koha item type
        RRII Library RRII Library 16/12/2021 82-3 NES 19133 Books